| 000 | 01037cam a2200229 4500 | ||
|---|---|---|---|
| 001 | ABS65229 | ||
| 008 | 020402n2002 000 0 eng u | ||
| 035 | _a(Sirsi) u117300 | ||
| 100 | _aSproul, G. | ||
| 245 | 4 | _aThe Competition Act part one : the risks | |
| 260 | _c2002 | ||
| 490 |
_aPFI Intelligence Bulletin _v7(1) March 2002, 22(1) |
||
| 520 | _aThe first of a two-part feature which considers the potential pitfalls of the Competition Act 1998. The Act, which came into force on 1 March 2002, prohibits anti-competitive agreements and abuse of a market -dominant position and has implications for all businesses in the UK. Article advises firms to check no infringements have been committed so far; what to do on finding an infringement and to implement a compliance programme for the future. | ||
| 590 | _aABS | ||
| 650 | _aCOMPETITION ACT 1998 | ||
| 650 | _aOFT | ||
| 650 | _aINFRINGEMENT | ||
| 650 | _aANTI-COMPETITIVE PRACTICES | ||
| 650 | _aCOMPLIANCE | ||
| 690 | _aMANAGEMENT-BUSINESS MANAGEMENT | ||
| 942 | _n0 | ||
| 999 |
_c69884 _d69884 |
||